| 000 | 00741nam a22002297a 4500 | ||
|---|---|---|---|
| 005 | 20170124105926.0 | ||
| 010 | _aA-071983 | ||
| 020 |
_c00.00 _a0412143607 |
||
| 035 | _aA-071983 | ||
| 037 | _bCen Lib/Ret | ||
| 040 |
_aDPL _bEN |
||
| 082 |
_a330.1 _bMEE |
||
| 100 |
_aMeek,Ronald L. _96510 |
||
| 245 |
_aSmith, Marx and after : _cby Ronald L.Meek _bten essaysinm the development of economics thought / |
||
| 260 |
_aLondon _bChapman & Hall _c1977 |
||
| 270 |
_a11,New Fetter Lane _bLondon |
||
| 300 |
_a193p. _c22cm(Hb) |
||
| 500 | _aIncludes index | ||
| 650 |
_aEconomics-History-Addresses,essays,lectures _96511 |
||
| 650 |
_aSmith,Adam,1723-90- Addresses,essays,lectures _96512 |
||
| 942 |
_2ddc _cEN _h330.1 _mMEE |
||
| 999 |
_c123499 _d123499 |
||